00495nam a2200157 a 450000500170000000800410001702000180005805000230007624500280009926000320012730000090015944000260016865000140019499900190020895201100022720140412111224.0100122s19uu xx 00 eng d a0-439-39539-9 aM 782.42bW93 2003 aClassic Lullaby Rhymes. aChina :bScholastic,c2003. aunp. aThe Real Mother goose aLullabies c101993d101993 00104050aELbELcMd2010-01-22eGiftl0oM 782.42 W93 2003pE0246r2014-04-12 00:00:00w2014-04-12yBK